000 00686nam a2200289Ia 4500
005 20260324141502.0
008 008 260324s9999 xx 000 0 eng d
020 _a9780203416044
037 _aEBOOK
040 _aCRL
040 _beng
040 _cCRL
041 _2eng
041 _aeng
084 _qCRL
100 _aRodney Barker
_91208367
245 0 _aPolitical Ideas in Modern Britain
245 0 _bIn and After the Twentieth Century
260 _bTaylor and Francis
260 _c1997
365 _a
365 _b240
856 _uhttp://www.taylorfrancis.com/books/9780203416044
942 _cEBOOK
999 _c1811510
_d1811510